Examinations in indian higher education: current practices and proposals for improvement (Record no. 494865)

000 -LEADER
fixed length control field 00528cam a22001337a 4500
008 - FIXED-LENGTH DATA ELEMENTS--GENERAL INFORMATION
fixed length control field 180718b1959 xxu||||| |||| 00| 0 eng d
082 ## - DEWEY DECIMAL CLASSIFICATION NUMBER
Classification number P528x54 In2e
100 ## - MAIN ENTRY--PERSONAL NAME
Personal name Cieslak, Edward Charnwood
245 ## - TITLE STATEMENT
Title Examinations in indian higher education: current practices and proposals for improvement
Statement of responsibility, etc. by Edward Charnwood Cieslak, John Todd Cowles and Anna Marie Dragositz
260 ## - PUBLICATION, DISTRIBUTION, ETC.
Place of publication, distribution, etc. New Delhi
Name of publisher, distributor, etc. India Wheat Loan Educationl Exchange Program
Date of publication, distribution, etc. 1959
300 ## - PHYSICAL DESCRIPTION
Extent 72p.
700 ## - ADDED ENTRY--PERSONAL NAME
Personal name Dragositz, Anna Marie
700 ## - ADDED ENTRY--PERSONAL NAME
Personal name Cowles, John Todd
Holdings
Withdrawn status Lost status Damaged status Not for loan Permanent Location Current Location Date acquired Full call number Barcode Date last seen Price effective from Koha item type
        Indian Institute of Public Administration Indian Institute of Public Administration 2018-08-04 P528x54 In2e GG767 2018-08-04 2018-08-04 GG

Powered by Koha